Ľudia na prenájom
Špecifiká personálneho leasingu. Výhody zamestnania pracovníka prostredníctvom personálnej agentúry. Práca personálnych agentúr na Slovensku.
Na minha lista:
| Formato: | Capítulo de Livro |
|---|---|
| Idioma: | eslovaco |
| Assuntos: | |
| Tags: |
Sem tags, seja o primeiro a adicionar uma tag!
|
MARC
| LEADER | 00000naa a2200000 4500 | ||
|---|---|---|---|
| 001 | r027973 | ||
| 005 | 20251104124506.7 | ||
| 041 | 0 | |a slo | |
| 044 | |a SK | ||
| 245 | 1 | 0 | |a Ľudia na prenájom |
| 520 | |a Špecifiká personálneho leasingu. Výhody zamestnania pracovníka prostredníctvom personálnej agentúry. Práca personálnych agentúr na Slovensku. | ||
| 610 | 2 | 0 | |a lízing personálny |
| 610 | 2 | 0 | |a Slovensko |
| 610 | 2 | 0 | |a agentúry |
| 610 | 2 | 0 | |a manažment personálny |